[Event "POLFINAL MISTRZOSTW POLSKI JUNIOROW 2017 - D13"]
[Site "Jastrzebia Gora"]
[Date "1899-12-30"]
[Round "1.1"]
[White "Szewc, Dobromila"]
[Black "Sokol, Maria"]
[Result "0-1"]
[WhiteTitle "I"]
[BlackTitle "I"]
[WhiteElo "1257"]
[BlackElo "1237"]

1. f4 d5 2. Nf3 Nf6 3. g3 g6 4. Bg2 Bg7 5. O-O Nc6 6. d3 O-O 7. Qe1 Re8 8. e4 dxe4
9. dxe4 e5 10. fxe5 Nxe5 11. Nc3 Nxf3+ 12. Rxf3 Qe7 13. Re3 Ng4 14. Rd3 Qc5+ 15.
Be3 Nxe3 16. Qxe3 Qxe3+ 17. Rxe3 Bd4 18. Rae1 Bxe3+ 19. Rxe3 c6 20. Bf1 Be6 21.
Rd3 Rad8 22. Kf2 f5 23. Rxd8 Rxd8 24. Bd3 fxe4 25. Nxe4 Bf5 26. Kf3 Bxe4+ 27.
Bxe4 Kf7 28. Ke3 Kf6 29. h4 h6 30. Bd3 c5 31. Be4 b6 32. b3 g5 33. hxg5+ Kxg5
34. Kf3 h5 35. a4 Rd4 36. Bd3 Kf6 37. Be4 c4 38. Ke3 Ke5 39. Bf3 cxb3 40. cxb3
Rb4 41. Bd1 h4 42. gxh4 Rxh4 43. Be2 Rh3+ 44. Bf3 Rxf3+ 45. Kxf3 Kd4 46. Kf4 Kc3
47. Ke4 Kxb3 48. Kd5 Kxa4 49. Kc6 b5 0-1

[Event "POLFINAL MISTRZOSTW POLSKI JUNIOROW 2017 - D13"]
[Site "Jastrzebia Gora"]
[Date "1899-12-30"]
[Round "1.2"]
[White "Cieslak, Jessica"]
[Black "Anyz, Monika"]
[Result "1/2-1/2"]
[WhiteTitle "I"]
[BlackTitle "I+"]
[WhiteElo "1253"]
[BlackElo "1366"]

1. d4 d5 2. c4 e6 3. Nc3 Nf6 4. cxd5 exd5 5. Bg5 Nbd7 6. e3 Be7 7. Bd3 O-O 8. Nf3
b6 9. Qc2 Bb7 10. O-O h6 11. Bh4 c5 12. Rfd1 Rc8 13. dxc5 Nxc5 14. Bf5 Ra8 15.
e4 Nfxe4 16. Bxe7 Qxe7 17. Nxd5 Bxd5 18. Rxd5 Nd6 19. Bh3 Rfd8 20. Ne5 Qf6 21.
f3 Qg5 22. Nc6 Qe3+ 23. Qf2 Qf4 24. Nxd8 Rxd8 25. Qd2 Qf6 26. Rd1 Ncb7 27. b3
Re8 28. Rxd6 Nxd6 29. Qxd6 Re1+ 30. Kf2 Qh4+ 31. g3 Rxd1 32. Qxd1 Qxh3 33. Qd8+
Kh7 34. Qd3+ g6 35. Kg1 Qe6 36. Qd2 Qf5 37. Kg2 Qe6 38. Qc2 Qd7 39. g4 Qd6 40.
h4 Kg7 41. Qb2+ Qf6 42. Qxf6+ Kxf6 43. f4 Ke6 44. Kf3 Kd5 45. Ke3 a5 46. a3 b5
47. Kd3 f6 1/2-1/2

[Event "POLFINAL MISTRZOSTW POLSKI JUNIOROW 2017 - D13"]
[Site "Jastrzebia Gora"]
[Date "1899-12-30"]
[Round "1.3"]
[White "Libura, Julianna"]
[Black "Kieca, Aleksandra"]
[Result "0-1"]
[WhiteTitle "I"]
[BlackTitle "I"]
[WhiteElo "1429"]
[BlackElo "1231"]

1. e4 c5 2. Nf3 d6 3. d4 cxd4 4. Nxd4 Nf6 5. Nc3 a6 6. Bg5 e6 7. f4 Be7 8. Qf3
h6 9. Bh4 Nbd7 10. O-O-O Qc7 11. g4 g5 12. fxg5 Ne5 13. Qe2 Nfxg4 14. Bh3 hxg5
15. Bxg4 Rxh4 16. h3 b5 17. a3 Rb8 18. Nf3 Nxf3 19. Qxf3 b4 20. Nb1 bxa3 21. Nxa3
Bb7 22. Bh5 Rf4 23. Qg3 Bxe4 24. Rh2 Rc8 25. c3 Rh4 26. Be2 d5 27. Qxc7 Rxc7 28.
Nc2 a5 29. Bd3 Bd6 30. Rf2 Bg3 31. Rff1 Rxh3 32. Bxe4 dxe4 33. Rd4 Bf4+ 34. Kb1
e3 35. Re4 e5 36. Re1 f5 37. Ra4 Rc5 38. Re2 Rd5 39. b4 axb4 40. Nxb4 Rh1+ 41.
Kc2 Rd2+ 0-1

[Event "POLFINAL MISTRZOSTW POLSKI JUNIOROW 2017 - D13"]
[Site "Jastrzebia Gora"]
[Date "1899-12-30"]
[Round "1.4"]
[White "Kudlak, Julia"]
[Black "Kaznowska, Weronika"]
[Result "0-1"]
[WhiteTitle "II+"]
[BlackTitle "I"]
[WhiteElo "1128"]
[BlackElo "1132"]

1. e4 e5 2. Nf3 Nc6 3. Bc4 Bc5 4. c3 Nf6 5. d4 exd4 6. cxd4 Bb4+ 7. Bd2 Bxd2+ 8.
Nbxd2 d5 9. exd5 Nxd5 10. O-O O-O 11. h3 Nb6 12. Bb3 Nxd4 13. Nxd4 Qxd4 14. Qc2
c6 15. Nf3 Qf6 16. Rfe1 Bf5 17. Qd2 Rad8 18. Qf4 Rd6 19. Rad1 Rxd1 20. Rxd1 Be6
21. Qxf6 gxf6 22. Bxe6 fxe6 23. Rd6 e5 24. Nh4 Kf7 25. g4 Ke8 26. b3 Nd5 27. Nf5
Nf4 28. Ng7+ Kf7 29. Rd7+ Kg6 30. Nf5 Rf7 31. Rd8 h5 32. Kh2 hxg4 33. hxg4 Rh7+
34. Kg1 Nh3+ 35. Kg2 Nf4+ 36. Kg1 Ne2+ 37. Kg2 Nc3 38. Rg8+ Kf7 39. Rd8 Nxa2 40.
Rd7+ Kg6 41. Rd8 Nc3 42. f3 Nd5 43. Kg3 Nb6 44. Nh4+ Kf7 45. Nf5 a5 46. Rb8 Ke6
47. Re8+ Kd5 48. Rf8 Nd7 49. Ra8 b6 50. Rd8 Kc5 51. f4 Kb4 52. fxe5 Nxe5 53. Rd6
Rf7 54. Nd4 Kc5 55. Rd8 Rd7 56. Ne6+ Kd6 57. Rxd7+ Kxd7 58. Nd4 Kd6 59. Kf4 Kd5
60. Nc2 c5 61. Kf5 Nd7 62. Kf4 b5 63. Na3 b4 64. Nc2 a4 65. bxa4 b3 66. Na3 Kd4
67. a5 c4 68. a6 c3 69. a7 Nb6 70. Kf5 c2 71. Nxc2+ bxc2 72. Kxf6 c1=Q 73. g5
Qf4+ 74. Kg6 Ke5 75. a8=Q Nxa8 76. Kh6 Kf5 77. Kh5 Qxg5# 0-1

[Event "POLFINAL MISTRZOSTW POLSKI JUNIOROW 2017 - D13"]
[Site "Jastrzebia Gora"]
[Date "1899-12-30"]
[Round "1.5"]
[White "Zniszczol, Wiktoria"]
[Black "Rodzik, Malgorzata"]
[Result "1-0"]
[WhiteTitle "I"]
[BlackTitle "II"]
[WhiteElo "1438"]
[BlackElo "1036"]

1. e4 e6 2. d4 d5 3. exd5 exd5 4. Bd3 Nf6 5. Ne2 Bd6 6. Nbc3 O-O 7. Bg5 c6 8. Qd2
Nbd7 9. O-O-O b5 10. f3 a5 11. g4 a4 12. h4 b4 13. Nb1 Qb6 14. c3 c5 15. Bh6 Re8
16. Qg5 g6 17. Nf4 Bxf4+ 18. Qxf4 Rb8 19. Rh2 cxd4 20. Qxd4 Qxd4 21. cxd4 Bb7
22. Bb5 Rbc8+ 23. Kd2 Bc6 24. Ba6 Rb8 25. Rc1 Bb5 26. Bxb5 Rxb5 27. Rc7 Nb6 28.
Kd3 Rc8 29. Rhc2 Rxc7 30. Rxc7 Nc4 31. Rc8+ 1-0

[Event "POLFINAL MISTRZOSTW POLSKI JUNIOROW 2017 - D13"]
[Site "Jastrzebia Gora"]
[Date "1899-12-30"]
[Round "2.1"]
[White "Sokol, Maria"]
[Black "Rodzik, Malgorzata"]
[Result "1-0"]
[WhiteTitle "I"]
[BlackTitle "II"]
[WhiteElo "1237"]
[BlackElo "1036"]

1. e4 e6 2. d3 d5 3. Nd2 Nc6 4. Ngf3 Bc5 5. g3 Nf6 6. Bg2 O-O 7. O-O Re8 8. Nb3
Bb6 9. e5 Nd7 10. Re1 f6 11. d4 Na5 12. Nxa5 Bxa5 13. c3 c5 14. dxc5 Nxc5 15.
b4 Ne4 16. bxa5 Nxc3 17. Qd2 Ne4 18. Qb4 fxe5 19. Nxe5 Qf6 20. Bxe4 dxe4 21. Qxe4
Rb8 22. Bf4 Ra8 23. a6 Qe7 24. Rab1 g5 25. axb7 Bxb7 26. Rxb7 Qf6 27. Qxh7+ 1-0

[Event "POLFINAL MISTRZOSTW POLSKI JUNIOROW 2017 - D13"]
[Site "Jastrzebia Gora"]
[Date "1899-12-30"]
[Round "2.2"]
[White "Kaznowska, Weronika"]
[Black "Zniszczol, Wiktoria"]
[Result "0-1"]
[WhiteTitle "I"]
[BlackTitle "I"]
[WhiteElo "1132"]
[BlackElo "1438"]

1. d4 Nf6 2. c4 c5 3. d5 b5 4. cxb5 a6 5. Nc3 g6 6. e4 d6 7. Bd3 Bg7 8. Nge2 O-O
9. h3 axb5 10. Bxb5 Ba6 11. Bd3 Nfd7 12. f4 Bxd3 13. Qxd3 Na6 14. O-O Nb4 15.
Qg3 f5 16. Qf3 fxe4 17. Qxe4 Nf6 18. Qf3 Qb6 19. g4 Qb7 20. Rd1 e6 21. g5 Nfxd5
22. Qe4 Qf7 23. a3 Nxc3 24. Nxc3 d5 25. Qe2 Qf5 26. Kh2 Nc2 27. Ra2 Nd4 28. Qd3
Qxd3 29. Rxd3 Nb3 30. Rd1 Nxc1 31. Rxc1 Rxf4 32. Kg3 Be5 33. Kg2 Raf8 34. Rc2
Rf3 35. a4 Rg3+ 36. Kh1 Rf1+ 37. Kh2 Rgg1# 0-1

[Event "POLFINAL MISTRZOSTW POLSKI JUNIOROW 2017 - D13"]
[Site "Jastrzebia Gora"]
[Date "1899-12-30"]
[Round "2.3"]
[White "Kieca, Aleksandra"]
[Black "Kudlak, Julia"]
[Result "1-0"]
[WhiteTitle "I"]
[BlackTitle "II+"]
[WhiteElo "1231"]
[BlackElo "1128"]

1. e4 e5 2. Nf3 Nc6 3. Bb5 a6 4. Ba4 b5 5. Bb3 Nf6 6. O-O Be7 7. Re1 d6 8. h3 O-O
9. c3 Na5 10. Bc2 c5 11. d4 Nc6 12. Be3 Qc7 13. Nbd2 Rd8 14. Nb3 Nb8 15. Qe2 Nbd7
16. Rad1 h6 17. Nh4 c4 18. Nd2 Nf8 19. Nf1 Ng6 20. Nxg6 fxg6 21. Nh2 Nh5 22. dxe5
dxe5 23. Rxd8+ Bxd8 24. Qd2 Bb7 25. Rd1 Be7 26. Qd7 Rc8 27. Qe6+ Kh7 28. Rd7 Qb8
29. Qxe7 Bc6 30. Ra7 Re8 31. Qc7 Qxc7 32. Rxc7 Ba8 33. Ng4 Kg8 34. Rc5 Nf6 35.
Nxf6+ gxf6 36. Bxh6 Kh7 37. Be3 Rg8 38. Rc7+ Kh8 39. Ra7 f5 40. Rxa6 f4 41. Bc1
Bb7 42. Rb6 Bc8 43. Rxb5 g5 44. Rxe5 g4 45. Rh5+ Kg7 46. Rg5+ Kf7 47. Rxg8 Kxg8
48. hxg4 Bxg4 49. Bxf4 1-0

[Event "POLFINAL MISTRZOSTW POLSKI JUNIOROW 2017 - D13"]
[Site "Jastrzebia Gora"]
[Date "1899-12-30"]
[Round "2.4"]
[White "Anyz, Monika"]
[Black "Libura, Julianna"]
[Result "0-1"]
[WhiteTitle "I+"]
[BlackTitle "I"]
[WhiteElo "1366"]
[BlackElo "1429"]

1. e4 c5 2. Nc3 a6 3. Nge2 Nc6 4. d4 cxd4 5. Nxd4 g6 6. Be3 Bg7 7. Qd2 Nf6 8. f3
Qc7 9. O-O-O b5 10. Nxc6 dxc6 11. Bf4 Qb6 12. a3 Be6 13. Bh6 O-O 14. Bxg7 Kxg7
15. e5 Nd5 16. Nxd5 Bxd5 17. h4 h5 18. Be2 Rad8 19. Qf4 Qb8 20. g4 Rh8 21. gxh5
Rxh5 22. Rhg1 Qxe5 23. Qxe5+ Rxe5 24. Rd2 Rh8 25. f4 Rf5 26. h5 Rxf4 27. hxg6
fxg6 28. Bd3 Rh1 29. Rxh1 Bxh1 30. Re2 Kf6 31. Rh2 Bd5 32. Kd2 e5 33. c3 e4 34.
Be2 Kf5 35. Ke3 g5 36. b4 Rh4 37. Rf2+ Ke5 38. Bf1 Rf4 39. Bg2 Rxf2 40. Kxf2 Kf4
41. Bf1 e3+ 42. Ke1 Bf3 43. c4 g4 44. cxb5 cxb5 45. a4 e2 46. a5 exf1=Q+ 47. Kxf1
Ke3 48. Ke1 Bg2 49. Kd1 g3 50. Ke1 Bh3 51. Kd1 g2 52. Kc2 g1=Q 53. Kb2 Kd3 54.
Ka3 Kc3 55. Ka2 Bc8 56. Ka3 Qa1# 0-1

[Event "POLFINAL MISTRZOSTW POLSKI JUNIOROW 2017 - D13"]
[Site "Jastrzebia Gora"]
[Date "1899-12-30"]
[Round "2.5"]
[White "Szewc, Dobromila"]
[Black "Cieslak, Jessica"]
[Result "0-1"]
[WhiteTitle "I"]
[BlackTitle "I"]
[WhiteElo "1257"]
[BlackElo "1253"]

1. e4 c6 2. d4 d5 3. exd5 cxd5 4. c4 Nf6 5. Nc3 Nc6 6. Nf3 Bg4 7. Be3 e6 8. c5
Qc7 9. Be2 Be7 10. Rb1 O-O 11. O-O Rfd8 12. b4 a6 13. Qc2 Bf5 14. Bd3 Ne4 15.
Nxe4 dxe4 16. Bxe4 Bxe4 17. Qxe4 Bf6 18. Rfd1 Rd5 19. a3 Rad8 20. Rb2 a5 21. b5
Ne7 22. Rbd2 b6 23. Bf4 Qa7 24. cxb6 Qxb6 25. a4 Nf5 26. Be3 Rc8 27. Rc2 Rcd8
28. Rc6 Qb7 29. Rdc1 h6 30. Rc7 Qa8 31. Rd1 Rxd4 32. Qxd4 Nxd4 33. Nxd4 Bxd4 34.
Rxd4 Rxd4 35. Bxd4 Qd8 36. Rc4 e5 37. b6 exd4 38. b7 Kh7 39. h3 Qb8 40. Rxd4 Qxb7
41. Kh2 Qb6 42. Rf4 Qd6 43. g3 f6 44. Rf5 Qb6 45. Kg2 Qc6+ 46. Kh2 Qxa4 47. Rf4
Qxf4 48. gxf4 a4 0-1

[Event "POLFINAL MISTRZOSTW POLSKI JUNIOROW 2017 - D13"]
[Site "Jastrzebia Gora"]
[Date "1899-12-30"]
[Round "3.1"]
[White "Cieslak, Jessica"]
[Black "Sokol, Maria"]
[Result "0-1"]
[WhiteTitle "I"]
[BlackTitle "I"]
[WhiteElo "1253"]
[BlackElo "1237"]

1. e4 c5 2. Nf3 a6 3. c3 e6 4. d4 cxd4 5. cxd4 Nf6 6. Nc3 Bb4 7. Bd3 b5 8. O-O
Bb7 9. Re1 h6 10. Bf4 d6 11. Qb3 Ba5 12. Rad1 O-O 13. Qc2 Nc6 14. a3 b4 15. axb4
Nxb4 16. Qe2 Nxd3 17. Qxd3 d5 18. e5 Ne4 19. Re2 Bxc3 20. bxc3 Bc6 21. Ree1 Bb5
22. Qe3 Kh7 23. Rc1 Qa5 24. c4 Bc6 25. cxd5 Bxd5 26. Qd3 Qb5 27. Qe3 Rfc8 28.
Rb1 Qa5 29. Qd3 Qc3 30. Qe2 Qc2 31. Qe3 Rc3 32. Rec1 Rxe3 33. Rxc2 Ra3 34. Bc1
Rc3 35. Rcb2 Rac8 36. Be3 a5 37. Ra1 a4 38. Ne1 a3 39. Rbb1 a2 40. Rd1 Bb3 41.
Rd3 Rxd3 42. Nxd3 Bd5 43. Nb4 Nc3 44. Kf1 Rb8 45. Bd2 Rxb4 46. Bxc3 Rb1+ 47. Ke2
Rxa1 48. Bxa1 Bxg2 49. Ke3 Bd5 50. Kf4 g5+ 51. Kg3 Kg6 52. f4 h5 53. fxg5 Kxg5
54. h4+ Kf5 55. Bb2 Ke4 56. Ba1 Bb3 57. Bb2 Bc2 58. Ba1 Ke3 59. Bb2 Bg6 60. Ba1
Kd2 61. Kf4 Kc2 62. d5 exd5 63. e6 fxe6 64. Kg5 Bf5 0-1

[Event "POLFINAL MISTRZOSTW POLSKI JUNIOROW 2017 - D13"]
[Site "Jastrzebia Gora"]
[Date "1899-12-30"]
[Round "3.2"]
[White "Libura, Julianna"]
[Black "Szewc, Dobromila"]
[Result "1-0"]
[WhiteTitle "I"]
[BlackTitle "I"]
[WhiteElo "1429"]
[BlackElo "1257"]

1. e4 e5 2. Nf3 Nc6 3. d4 exd4 4. Nxd4 Bc5 5. Be3 Qf6 6. c3 Nge7 7. Bc4 O-O 8.
O-O b6 9. b4 Bxd4 10. Bxd4 Nxd4 11. Qxd4 Qxd4 12. cxd4 Bb7 13. Nc3 Nc6 14. Bd5
Rab8 15. Bxc6 Bxc6 16. Rfd1 Rfd8 17. Rac1 Bb7 18. f3 d6 19. Nb5 d5 20. e5 a6 21.
Nxc7 Rbc8 22. Rc2 Rd7 23. Rdc1 Kf8 24. Kf2 Rdd8 25. Ke3 g5 26. g3 h6 27. b5 a5
28. a4 Kg7 29. Kd3 Kg6 30. e6 Kf6 31. Re1 Ke7 32. f4 g4 33. f5 h5 34. f6+ Kxf6
35. e7 Re8 36. Nxe8+ Rxe8 37. Rc7 Bc8 38. Rxc8 Rxe7 39. Rxe7 Kxe7 40. Rc6 Kd7
41. Rxb6 Kc7 42. Ra6 1-0

[Event "POLFINAL MISTRZOSTW POLSKI JUNIOROW 2017 - D13"]
[Site "Jastrzebia Gora"]
[Date "1899-12-30"]
[Round "3.3"]
[White "Kudlak, Julia"]
[Black "Anyz, Monika"]
[Result "1-0"]
[WhiteTitle "II+"]
[BlackTitle "I+"]
[WhiteElo "1128"]
[BlackElo "1366"]

1. e4 c5 2. Nf3 a6 3. d4 cxd4 4. Nxd4 Nf6 5. Nc3 e5 6. Nf3 Bb4 7. Bd2 Nc6 8. Bd3
O-O 9. O-O Bxc3 10. Bxc3 d6 11. h3 Be6 12. Re1 Qb6 13. a3 Rac8 14. Qd2 h6 15.
Nh4 Nd4 16. Bxd4 Qxd4 17. c3 Qb6 18. Rab1 Rfe8 19. Nf5 Bxf5 20. exf5 d5 21. Bc2
Qc5 22. Kh1 b5 23. Re2 Rcd8 24. Rbe1 d4 25. cxd4 Rxd4 26. Qe3 Nd5 27. Qf3 Nf4
28. b4 Qc8 29. Re4 Rd2 30. Bb3 Rd3 31. R1e3 Qc1+ 32. Kh2 Rxe3 33. Rxe3 Qc7 34.
g3 Nd3 35. Rxd3 e4 36. Rc3 Qe5 37. Qe3 Qxf5 38. Qf4 Qd7 39. Rc7 Qd4 40. Qxf7+
Kh8 41. Qxe8+ Kh7 42. Bg8+ Kh8 43. Bf7+ Kh7 44. Bg6# 1-0

[Event "POLFINAL MISTRZOSTW POLSKI JUNIOROW 2017 - D13"]
[Site "Jastrzebia Gora"]
[Date "1899-12-30"]
[Round "3.4"]
[White "Zniszczol, Wiktoria"]
[Black "Kieca, Aleksandra"]
[Result "1-0"]
[WhiteTitle "I"]
[BlackTitle "I"]
[WhiteElo "1438"]
[BlackElo "1231"]

1. e4 c5 2. Nc3 a6 3. a4 Nc6 4. f4 e6 5. Bc4 Be7 6. Nf3 d6 7. O-O Nf6 8. d3 O-O
9. Qe1 d5 10. Bb3 Nd4 11. Nxd4 cxd4 12. Nd1 dxe4 13. dxe4 b6 14. e5 Nd5 15. Rf3
Bb7 16. Rh3 Qd7 17. Qe2 Bc5 18. Kh1 Ne7 19. Qh5 h6 20. Rg3 Nf5 21. Rh3 Qc6 22.
Qg4 Qe4 23. Bd2 Rfd8 24. Nf2 Qc6 25. Re1 Be7 26. Ne4 b5 27. axb5 axb5 28. Nf6+
Kh8 29. Ne4 Ra7 30. Ng5 Kg8 31. Nxf7 Qxg2+ 32. Qxg2 Bxg2+ 33. Kxg2 Kxf7 34. Kf3
b4 35. Ke4 Rad7 36. Kd3 Ra7 37. Rg1 Ra6 38. Rh5 g6 39. Rh3 Rg8 40. Rf3 Nh4 41.
Rff1 Nf5 42. Ra1 Raa8 43. Ke4 Bc5 44. Rxa8 Rxa8 45. Bxe6+ Kxe6 46. Rxg6+ Kf7 47.
Kxf5 Ra2 48. Rc6 Bf8 49. Rc4 Rxb2 50. Rxd4 Rxc2 51. Bxb4 Bxb4 52. Rxb4 Rxh2 53.
Rb7+ Ke8 54. e6 Re2 55. Kf6 Kd8 56. Rh7 Rh2 57. Rh8+ Kc7 58. e7 1-0

[Event "POLFINAL MISTRZOSTW POLSKI JUNIOROW 2017 - D13"]
[Site "Jastrzebia Gora"]
[Date "1899-12-30"]
[Round "3.5"]
[White "Rodzik, Malgorzata"]
[Black "Kaznowska, Weronika"]
[Result "1-0"]
[WhiteTitle "II"]
[BlackTitle "I"]
[WhiteElo "1036"]
[BlackElo "1132"]

1. d4 d5 2. Nf3 e6 3. Bg5 Nf6 4. e3 c6 5. Bd3 Nbd7 6. Nbd2 Be7 7. c3 O-O 8. Ne5
h6 9. Bh4 Nxe5 10. dxe5 Nd7 11. Bg3 c5 12. Bf4 f5 13. g4 Bg5 14. Rg1 Rf7 15. gxf5
Rxf5 16. Bxf5 exf5 17. Nf3 Nb6 18. Nxg5 hxg5 19. Bxg5 Qe8 20. Bf6 Be6 21. Qf3
Nd7 22. Rxg7+ Kf8 23. Qh3 Nxf6 24. exf6 Bg8 25. Qh6 Qf7 26. Rxf7+ Kxf7 27. Qg7+
Ke6 28. Qe7# 1-0

[Event "POLFINAL MISTRZOSTW POLSKI JUNIOROW 2017 - D13"]
[Site "Jastrzebia Gora"]
[Date "1899-12-30"]
[Round "4.1"]
[White "Sokol, Maria"]
[Black "Kaznowska, Weronika"]
[Result "1/2-1/2"]
[WhiteTitle "I"]
[BlackTitle "I"]
[WhiteElo "1237"]
[BlackElo "1132"]

1. e4 e5 2. Nf3 Nc6 3. Bb5 a6 4. Ba4 Nf6 5. O-O b5 6. Bb3 Nxe4 7. Re1 Nc5 8. Nxe5
Nxe5 9. Rxe5+ Ne6 10. Qf3 Rb8 11. d4 Be7 12. d5 Nd4 13. Qd3 Nxb3 14. Qxb3 d6 15.
Re1 O-O 16. Qe3 Bf6 17. c3 Bb7 18. Qd3 Re8 19. Be3 Bg5 20. Nd2 Bxe3 21. Rxe3 Rxe3
22. fxe3 Qg5 23. e4 Rf8 24. Rf1 g6 25. Nf3 Qe7 26. h3 f5 27. Re1 Qf7 28. Rd1 Qe7
29. Re1 Qf7 30. Rd1 Qe7 1/2-1/2

[Event "POLFINAL MISTRZOSTW POLSKI JUNIOROW 2017 - D13"]
[Site "Jastrzebia Gora"]
[Date "1899-12-30"]
[Round "4.2"]
[White "Kieca, Aleksandra"]
[Black "Rodzik, Malgorzata"]
[Result "1/2-1/2"]
[WhiteTitle "I"]
[BlackTitle "II"]
[WhiteElo "1231"]
[BlackElo "1036"]

1. e4 e6 2. d4 d5 3. e5 c5 4. Nf3 Nc6 5. Bd3 cxd4 6. O-O Bc5 7. Bf4 Nge7 8. Nbd2
O-O 9. Re1 Ng6 10. Bg3 Qe8 11. h4 f6 12. exf6 Rxf6 13. Bxg6 Qxg6 14. Nb3 Bb6 15.
Ne5 Nxe5 16. Bxe5 Rf5 17. Bxd4 Bc7 18. Bc3 Rh5 19. Qd4 Bb6 20. Qa4 Qf7 21. Re2
Bd7 22. Qg4 e5 23. Qg3 d4 24. Be1 Re8 25. Nd2 Ba5 26. Ne4 Bc7 27. Bb4 Rh6 28.
Bd2 Rg6 29. Ng5 Qc4 30. Qb3 Qxb3 31. axb3 1/2-1/2

[Event "POLFINAL MISTRZOSTW POLSKI JUNIOROW 2017 - D13"]
[Site "Jastrzebia Gora"]
[Date "1899-12-30"]
[Round "4.3"]
[White "Anyz, Monika"]
[Black "Zniszczol, Wiktoria"]
[Result "1/2-1/2"]
[WhiteTitle "I+"]
[BlackTitle "I"]
[WhiteElo "1366"]
[BlackElo "1438"]

1. e4 e5 2. Nf3 d6 3. d4 Nf6 4. dxe5 Nxe4 5. Bd3 Nc5 6. O-O Be7 7. Nc3 O-O 8. exd6
Bxd6 9. Be3 Nxd3 10. Qxd3 Nc6 11. Rad1 Bg4 12. Bg5 Qc8 13. Rc1 f6 14. Bh4 Rd8
15. Qe3 Bxf3 16. Qxf3 Be5 17. Rcd1 Nd4 18. Qd3 Nf5 19. Qc4+ Kh8 20. Bg3 Nxg3 21.
hxg3 Bxc3 22. Qxc3 h6 23. Qf3 c6 24. Qf4 b6 25. a3 c5 26. b3 Qc6 27. Qf5 c4 28.
a4 a6 29. Rfe1 Rxd1 30. Rxd1 Re8 31. Qg4 Qe4 32. Qd7 cxb3 33. cxb3 Qe6 34. Qxe6
Rxe6 35. Kf1 Kg8 36. Re1 Rxe1+ 37. Kxe1 Kf7 38. Kd2 Ke6 39. Kd3 Kd5 40. f3 h5
41. f4 f5 42. Ke3 Kc5 43. Kd3 b5 44. axb5 axb5 45. Kc3 b4+ 1/2-1/2

[Event "POLFINAL MISTRZOSTW POLSKI JUNIOROW 2017 - D13"]
[Site "Jastrzebia Gora"]
[Date "1899-12-30"]
[Round "4.4"]
[White "Szewc, Dobromila"]
[Black "Kudlak, Julia"]
[Result "0-1"]
[WhiteTitle "I"]
[BlackTitle "II+"]
[WhiteElo "1257"]
[BlackElo "1128"]

1. e4 e5 2. Nf3 Nc6 3. c3 Nf6 4. d4 exd4 5. e5 Nd5 6. cxd4 Bb4+ 7. Bd2 Bxd2+ 8.
Nbxd2 O-O 9. Bc4 Nb6 10. Bb3 d6 11. O-O dxe5 12. dxe5 Nd4 13. Nc4 Nxb3 14. Qxb3
Nxc4 15. Qxc4 Be6 16. Qb4 b6 17. Rfd1 Qc8 18. Qc3 c5 19. Ng5 Bf5 20. Rd6 h6 21.
Nf3 Qc7 22. Rad1 Rad8 23. Qd2 Rc8 24. b3 b5 25. Nh4 Bg4 26. f3 Be6 27. Ng6 Rfe8
28. Nf4 c4 29. Nxe6 fxe6 30. bxc4 Qc5+ 31. Qd4 Qxd4+ 32. R6xd4 Rxc4 33. Rxc4 bxc4
34. Rc1 Rc8 35. Kf2 Rc5 36. f4 Ra5 37. Rc2 Ra4 38. Ke3 Kf7 39. g3 g5 40. fxg5
hxg5 41. Kd4 Kg6 42. Kc5 Kf5 43. Kb5 Ra3 44. Re2 Rc3 45. Kb4 Rc1 46. Kb5 c3 47.
Ka6 Rb1 48. Rc2 Rb2 49. Rxc3 Rxa2+ 50. Kb5 Kxe5 51. Re3+ Kf5 52. Rf3+ Kg6 53.
Re3 Kf5 54. Rf3+ Ke4 55. Rf6 Ke5 56. Rg6 Kf5 57. Rh6 e5 58. Rh5 Kg4 59. Rh7 e4
60. Re7 Rxh2 61. Rxe4+ Kxg3 62. Re3+ Kf4 63. Ra3 Rh7 64. Ra4+ Kg3 65. Ra3+ Kh4
66. Ra4+ g4 67. Kc5 Kh3 68. Kd4 g3 69. Ra3 Kh2 70. Ke3 Rf7 71. Ra2+ g2 72. Kd3
Kh1 73. Ra1+ g1=Q 74. Rxg1+ Kxg1 75. Kc4 Rb7 76. Kd4 a5 77. Ke4 a4 78. Kd4 a3
79. Ke5 a2 80. Kd5 a1=Q 0-1

[Event "POLFINAL MISTRZOSTW POLSKI JUNIOROW 2017 - D13"]
[Site "Jastrzebia Gora"]
[Date "1899-12-30"]
[Round "4.5"]
[White "Cieslak, Jessica"]
[Black "Libura, Julianna"]
[Result "1/2-1/2"]
[WhiteTitle "I"]
[BlackTitle "I"]
[WhiteElo "1253"]
[BlackElo "1429"]

1. d4 d5 2. c4 e6 3. Nc3 Nf6 4. cxd5 exd5 5. Bg5 Nbd7 6. e3 Be7 7. Bd3 O-O 8. Nf3
c6 9. h3 Re8 10. Qc2 h6 11. Bf4 Bb4 12. O-O Qe7 13. Rab1 Ne4 14. Nd2 Ndf6 15.
Ndxe4 dxe4 16. Bc4 Be6 17. Bxe6 Qxe6 18. a3 Bd6 19. Bxd6 Qxd6 20. Rbd1 Rac8 21.
Qb3 Qc7 22. Rc1 Qe7 23. Rfd1 Red8 24. Ne2 Nd5 25. Ng3 g6 26. Qc2 Re8 27. Qe2 Qg5
28. Rc5 Rcd8 29. Qc2 Qe7 30. Qb3 Rd7 31. Rcc1 Red8 32. Nf1 Kg7 33. Nd2 f6 1/2-1/2

[Event "POLFINAL MISTRZOSTW POLSKI JUNIOROW 2017 - D13"]
[Site "Jastrzebia Gora"]
[Date "1899-12-30"]
[Round "5.1"]
[White "Libura, Julianna"]
[Black "Sokol, Maria"]
[Result "1/2-1/2"]
[WhiteTitle "I"]
[BlackTitle "I"]
[WhiteElo "1429"]
[BlackElo "1237"]

1. e4 e5 2. Nf3 Nc6 3. d4 exd4 4. Nxd4 Bc5 5. Be3 Qf6 6. c3 Nge7 7. Bc4 O-O 8.
O-O b6 9. b4 Bxd4 10. Bxd4 Nxd4 11. Qxd4 Qxd4 12. cxd4 Nc6 13. Bd5 Ba6 14. Bxc6
dxc6 15. Rd1 Rad8 16. Nc3 Bb7 17. f3 Rd7 18. Rd2 Rfd8 19. Rad1 f6 20. Kf2 Kf7
21. Ke3 Ra8 22. a4 a5 23. b5 cxb5 24. Nxb5 Ba6 25. Rb1 Bxb5 26. Rxb5 g6 27. Rc2
Rad8 28. d5 Re8 29. f4 Rde7 30. Rc4 Rd7 1/2-1/2

[Event "POLFINAL MISTRZOSTW POLSKI JUNIOROW 2017 - D13"]
[Site "Jastrzebia Gora"]
[Date "1899-12-30"]
[Round "5.2"]
[White "Kudlak, Julia"]
[Black "Cieslak, Jessica"]
[Result "0-1"]
[WhiteTitle "II+"]
[BlackTitle "I"]
[WhiteElo "1128"]
[BlackElo "1253"]

1. e4 e5 2. Nf3 Nc6 3. Bc4 Bc5 4. c3 Nf6 5. d4 exd4 6. cxd4 Bb4+ 7. Bd2 Nxe4 8.
Bxb4 Nxb4 9. Qb3 Qe7 10. O-O d5 11. Bxd5 Nxd5 12. Qxd5 Nf6 13. Qb3 O-O 14. Re1
Qd6 15. Nc3 c6 16. Ne4 Nxe4 17. Rxe4 a6 18. a3 Be6 19. Qc3 Rfd8 20. Rd1 Rac8 21.
Ng5 Bf5 22. Re5 Qxe5 23. Qb3 Qd5 24. Qxd5 Rxd5 0-1

[Event "POLFINAL MISTRZOSTW POLSKI JUNIOROW 2017 - D13"]
[Site "Jastrzebia Gora"]
[Date "1899-12-30"]
[Round "5.3"]
[White "Zniszczol, Wiktoria"]
[Black "Szewc, Dobromila"]
[Result "1-0"]
[WhiteTitle "I"]
[BlackTitle "I"]
[WhiteElo "1438"]
[BlackElo "1257"]

1. e4 e5 2. Nf3 Nc6 3. Nc3 Nf6 4. d4 exd4 5. Nxd4 Bc5 6. Nxc6 bxc6 7. Bd3 d5 8.
exd5 cxd5 9. O-O O-O 10. Bg5 Qd6 11. Bxf6 Qxf6 12. Nxd5 Qe5 13. Nc3 Bd4 14. Qf3
Rb8 15. Rfe1 Qa5 16. Qe4 Bxf2+ 17. Kxf2 f5 18. Qd5+ Qxd5 19. Nxd5 Rxb2 20. Ne7+
Kh8 21. Nxc8 Rxc8 22. Re7 Kg8 23. Rae1 g6 24. Rd7 Rxa2 25. Bc4+ Kf8 26. Bxa2 a5
27. Ree7 h5 28. Rh7 Ke8 29. Rdg7 Kf8 30. Rg8# 1-0

[Event "POLFINAL MISTRZOSTW POLSKI JUNIOROW 2017 - D13"]
[Site "Jastrzebia Gora"]
[Date "1899-12-30"]
[Round "5.4"]
[White "Rodzik, Malgorzata"]
[Black "Anyz, Monika"]
[Result "0-1"]
[WhiteTitle "II"]
[BlackTitle "I+"]
[WhiteElo "1036"]
[BlackElo "1366"]

1. d4 f5 2. Nf3 Nf6 3. Bg5 e6 4. e3 Be7 5. Bd3 O-O 6. Nbd2 b6 7. c3 Bb7 8. O-O
h6 9. Bh4 g5 10. Bg3 d6 11. Qb3 Bd5 12. Bc4 Bxc4 13. Qxc4 Kf7 14. Rfe1 g4 15.
Nh4 Ne4 16. Nxe4 fxe4 17. Nf5 d5 18. Bxc7 exf5 19. Bxd8 dxc4 20. Bc7 Nd7 21. b3
cxb3 22. axb3 Rfc8 23. Bf4 Rxc3 24. Bxh6 Rxb3 25. h3 gxh3 26. gxh3 a5 27. Bf4
Rg8+ 28. Kh2 Bh4 29. Re2 Nf6 30. Rc1 Nd5 31. Bd6 Ke6 32. Be5 Rc3 33. Rb1 Rgc8
34. Kg2 Rc2 35. Rbe1 a4 36. Kf1 a3 37. Ra1 Rc1+ 38. Re1 Rxa1 39. Rxa1 Rc3 40.
Bg7 b5 41. Bf8 b4 42. Bc5 Rb3 43. Kg2 Rb2 44. Bxb4 a2 45. Ba5 Nxe3+ 0-1

[Event "POLFINAL MISTRZOSTW POLSKI JUNIOROW 2017 - D13"]
[Site "Jastrzebia Gora"]
[Date "1899-12-30"]
[Round "5.5"]
[White "Kaznowska, Weronika"]
[Black "Kieca, Aleksandra"]
[Result "1/2-1/2"]
[WhiteTitle "I"]
[BlackTitle "I"]
[WhiteElo "1132"]
[BlackElo "1231"]

1. d4 d6 2. c4 e5 3. e3 c6 4. Nc3 Nf6 5. dxe5 dxe5 6. Qxd8+ Kxd8 7. Nf3 Bd6 8.
a3 a5 9. b3 Bg4 10. Ng5 Bh5 11. Nge4 Be7 12. Bd3 Nbd7 13. Bb2 Kc7 14. f3 Bg6 15.
Ke2 Rad8 16. Rhd1 Ra8 17. Rd2 Rhd8 18. Rad1 Nxe4 19. Nxe4 f6 20. Bc2 b6 21. h3
Nf8 22. Rxd8 Rxd8 23. Rxd8 Kxd8 24. Kd2 Ne6 25. Ng3 Bxc2 26. Kxc2 Nc5 27. e4 g6
28. Ne2 Ne6 29. a4 Kc7 30. Bc3 Bc5 31. Kd3 Kd6 32. Bd2 Ke7 33. Bc3 Kd6 34. Bd2
Ba3 35. Be3 Bc5 36. Bd2 Bb4 37. Be3 c5 38. Bf2 Nd4 39. Nc1 Ne6 40. Ne2 Nd4 41.
Nc1 Ne6 42. Ne2 Nd4 1/2-1/2